Atlas of clinical endocrinology (Record no. 27475)

MARC details
000 -LEADER
fixed length control field 00412nam a2200169Ia 4500
020 ## - INTERNATIONAL STANDARD BOOK NUMBER
ISBN 0632043970
050 ## - CALL MARK
Classification number RC 649 .A846/
245 #0 - TITLE STATEMENT
Title Atlas of clinical endocrinology
260 ## - PUBLICATION, DISTRIBUTION, ETC. (IMPRINT)
Place of publication Philadelphia
260 ## - PUBLICATION, DISTRIBUTION, ETC. (IMPRINT)
Name of publisher Current Medicine
260 ## - PUBLICATION, DISTRIBUTION, ETC. (IMPRINT)
Year of publication 1999
300 ## - PHYSICAL DESCRIPTION
Number of Pages 201 p
650 ## - SUBJECT ADDED ENTRY--TOPICAL TERM
Topical Term Thyroid gland--Popular works.
942 ## - ADDED ENTRY ELEMENTS (KOHA)
Koha item type Books
Holdings
Withdrawn status Lost status Source of classification or shelving scheme Damaged status Not for loan Permanent Location Current Location Date acquired Accession Number Price effective from Koha item type
    Library of Congress Classification     NILE UNIVERSITY OF NIGERIA - MAIN LIBRARY NILE UNIVERSITY OF NIGERIA - MAIN LIBRARY 04/23/2025 0006721 04/23/2025 Books